Flannery O'Connor /

Bibliographic Details
Other Authors: Bloom, Harold
Format: Book
Language:English
Published: New York : Chelsea House Publishers, 1986.
Series:Modern critical views.
Subjects:

MARC

Tag First Indicator Second Indicator Subfields
LEADER 00000cam a22000008a 4500
001 in00000439921
005 20151012073744.0
008 860211s1986 nyu b 00100 eng
010 |a  86002676  
020 |a 0877546320 (alk. paper) :  |c $19.95 
035 |a (OCoLC)13215686 
035 |9 ABX1141AM 
039 0 |a 2  |b 3  |c 3  |d 3  |e 3 
040 |a DLC  |c DLC  |d TXA  |d UtOrBLW 
049 |a TXAM  |c [A10013866] 
050 0 0 |a PS3565.C57  |b Z6678 1986 
082 0 |a 813/.54  |2 19 
245 0 0 |a Flannery O'Connor /  |c edited and with an introduction by Harold Bloom. 
263 |a 8609 
264 1 |a New York :  |b Chelsea House Publishers,  |c 1986. 
300 |a viii, 162 pages 
336 |a text  |b txt  |2 rdacontent 
337 |a unmediated  |b n  |2 rdamedia 
338 |a volume  |b nc  |2 rdacarrier 
490 1 |a Modern critical views 
500 |a Includes index. 
504 |a Bibliography: pages 149-151. 
600 1 0 |a O'Connor, Flannery  |x Criticism and interpretation. 
700 1 |a Bloom, Harold. 
830 0 |a Modern critical views. 
999 |a MARS 
999 f f |s e1f15b63-58ba-30df-a843-338a28413c0b  |i 30f3ae61-c422-3f8e-a803-b96c7d0bd415  |t 0 
952 f f |p normal  |a Texas A&M University  |b College Station  |c Sterling C. Evans Library  |d Evans: Library Stacks  |t 0  |e PS3565.C57 Z6678 1986  |h Library of Congress classification  |i unmediated -- volume  |m A14810013866 
998 f f |a PS3565.C57 Z6678 1986  |t 0  |l Evans: Library Stacks